000 00824cam a2200229 4500
001 ABS66984
008 030828n2003 000 0 eng u
035 _a(Sirsi) u123395
100 _aZimmer, R.
245 _aEvaluating and improving the spatial accuracy of parcel data
260 _c2003
490 _aProfessional Surveyor
_v23(8) August 2003, 42-45(4)
520 _aDescribes one method to evaluate the spatial accuracy of parcel data, as well as determine some of the types of errors that may be apparent. Also describes methods to improve the accuracies. [Taken from journal abstract].
590 _aABS
650 _aSPATIAL ANALYSIS
650 _aSPATIAL DATA
650 _aSPATIAL INFORMATION SYSTEMS
650 _aSPATIAL MODELLING
650 _aACCURACY
690 _aGEOMATICS-GPS
942 _n0
999 _c73296
_d73296